Marketing in Italy

Sparad:
Bibliografiska uppgifter
Materialtyp: Bok
Språk:Undetermined
Publicerad: New York Business International 1965
Ämnen:
Taggar: Lägg till en tagg
Inga taggar, Lägg till första taggen!
Thư viện lưu trữ: Trung tâm Học liệu Trường Đại học Cần Thơ
LEADER 00373nam a2200145Ia 4500
001 CTU_83859
008 210402s9999 xx 000 0 und d
082 |a 380.1 
082 |b M345 
245 0 |a Marketing in Italy 
260 |a New York 
260 |b Business International 
260 |c 1965 
650 |a Marketing 
980 |a Trung tâm Học liệu Trường Đại học Cần Thơ